01330nam a2200241 a 450000100100000000500170001000800410002704000250006824501390009326000660023230000210029849000440031970000280036370000220039170000310041383000510044495201200049595201200061595201200073595201050085595201110096099900170107100003955420201002031712.0130708s1989 dr 000 0 spa d aDO-SdBNPbspacBNPHU00aImpacto económico de las zonas francas industriales de exportación en la República Dominicana /cAndrés Dauhajre... [et. al.]. aSanto Domingo :bFundación Económica y Desarrollo,c1989. a360 p. ;c24 cm.1 aFundación Económica y Desarrollov51 aRiley, Elizabeth9657211 aMena, Rita9657221 aGuerrero, José A.965723 0aFundación Económica y Desarrollov5965724 001054708DSaGRbGRcHDd2015-05-08iLF1l0o p39554-30r2020-06-25te. 3w2020-06-25yLFDSZPréstamo en sala 001054708DSaGRbGRcHDd2015-05-08iLF1l0o p39554-40r2020-06-25te. 4w2020-06-25yLFDSZPréstamo en sala 001054708DSaGRbGRcHDd2015-05-08iLF1l0o p39554-50r2020-06-25te. 5w2020-06-25yLFDSZPréstamo en sala 0010718PDaPDbPDcHDd2013-07-08iLF1l0o p39554-10r2020-06-25w2020-06-25yLFPDZNo se presta 0010718PDaPDbPDcHDd2015-05-08iLF1l0o p39554-20r2020-06-25te. 2w2020-06-25yLFPDZNo se presta c39044d39044